London Underground - Northern Line - Statistics

General Stats
  • This quiz has been taken 69 times
  • The average score is 37 of 50
Answer Stats
Station % Correct
Morden
100%
Balham
89%
Clapham Common
89%
Clapham North
89%
Angel
86%
Clapham South
86%
Kennington
86%
Archway
82%
Bank
82%
Borough
82%
Colindale
82%
Colliers Wood
82%
East Finchley
82%
Finchley Central
82%
High Barnet
82%
London Bridge
82%
Oval
82%
Tooting Bec
82%
Tooting Broadway
82%
Euston
79%
West Finchley
79%
Burnt Oak
75%
Camden Town
75%
Edgware
75%
Goodge Street
75%
Kentish Town
75%
Moorgate
75%
South Wimbledon
75%
Embankment
71%
Mill Hill East
71%
Tottenham Court Road
71%
Totteridge & Whetstone
71%
Warren Street
71%
Waterloo
71%
Brent Cross
68%
Elephant & Castle
68%
Mornington Crescent
68%
Stockwell
68%
Tufnell Park
68%
Charing Cross
64%
Golders Green
64%
Old Street
64%
Hendon Central
61%
Leicester Square
61%
Chalk Farm
57%
Highgate
57%
King's Cross St Pancras
57%
Belsize Park
54%
Hampstead
50%
Woodside Park
46%
No matching quizzes found
Score Distribution
Percent of People with Each Score
Percentile by Number Answered
Your Score History
You have not taken this quiz